Judiciaries within Europe : (Record no. 7224)

MARC details
000 -LEADER
fixed length control field 01361cam a2200385Ma 4500
001 - CONTROL NUMBER
control field ocn620320907
003 - CONTROL NUMBER IDENTIFIER
control field TZ-ArACH
005 - DATE AND TIME OF LATEST TRANSACTION
control field 20230920130818.0
008 - FIXED-LENGTH DATA ELEMENTS--GENERAL INFORMATION
fixed length control field 100428r20102006enk 000 0 eng
015 ## - NATIONAL BIBLIOGRAPHY NUMBER
National bibliography number GBB058061
Source bnb
016 7# - NATIONAL BIBLIOGRAPHIC AGENCY CONTROL NUMBER
Record control number 015545479
Source Uk
020 ## - INTERNATIONAL STANDARD BOOK NUMBER
International Standard Book Number 9780521172851
Qualifying information (pbk.)
020 ## - INTERNATIONAL STANDARD BOOK NUMBER
International Standard Book Number 0521172853
Qualifying information (pbk.)
035 ## - SYSTEM CONTROL NUMBER
System control number (OCoLC)620320907
040 ## - CATALOGING SOURCE
Original cataloging agency UKM
Language of cataloging eng
Transcribing agency TZ-ArACH
043 ## - GEOGRAPHIC AREA CODE
Geographic area code e------
049 ## - LOCAL HOLDINGS (OCLC)
Holding library TZAA
050 #4 - LIBRARY OF CONGRESS CALL NUMBER
Classification number KJC3716
Item number .B45 2010
100 1# - MAIN ENTRY--PERSONAL NAME
Personal name Bell, John,
Dates associated with a name 1953-
245 10 - TITLE STATEMENT
Title Judiciaries within Europe :
Remainder of title a comparative review /
Statement of responsibility, etc John Bell.
260 ## - PUBLICATION, DISTRIBUTION, ETC. (IMPRINT)
Place of publication, distribution, etc Cambridge :
Name of publisher, distributor, etc Cambridge University Press,
Date of publication, distribution, etc 2010.
300 ## - PHYSICAL DESCRIPTION
Extent xiv; 399
Dimensions 23 cm
490 0# - SERIES STATEMENT
Series statement Cambridge studies in international and comparative law ;
Volume number/sequential designation no. 47
505 0# - FORMATTED CONTENTS NOTE
Formatted contents note 1. Introduction -- 2. The French judiciary -- 3. The German judiciary -- 4. The Spanish judiciary -- 5. The Swedish judiciary -- 6. The English judiciary in comparative perspective -- 7. Factors shaping the character of the judiciary.
650 #0 - SUBJECT ADDED ENTRY--TOPICAL TERM
Topical term or geographic name as entry element Judges
Geographic subdivision Europe.
650 #0 - SUBJECT ADDED ENTRY--TOPICAL TERM
Topical term or geographic name as entry element Courts
Geographic subdivision Europe.
650 #0 - SUBJECT ADDED ENTRY--TOPICAL TERM
Topical term or geographic name as entry element Justice, Administration of
Geographic subdivision Europe.
9 (RLIN) 1271
650 #6 - SUBJECT ADDED ENTRY--TOPICAL TERM
Topical term or geographic name as entry element Tribunaux
Geographic subdivision Europe.
650 #7 - SUBJECT ADDED ENTRY--TOPICAL TERM
Topical term or geographic name as entry element Courts.
Source of heading or term fast
650 #7 - SUBJECT ADDED ENTRY--TOPICAL TERM
Topical term or geographic name as entry element Judges.
Source of heading or term fast
650 #7 - SUBJECT ADDED ENTRY--TOPICAL TERM
Topical term or geographic name as entry element Justice, Administration of.
Source of heading or term fast
651 #7 - SUBJECT ADDED ENTRY--GEOGRAPHIC NAME
Geographic name Europe.
Source of heading or term fast
651 #7 - SUBJECT ADDED ENTRY--GEOGRAPHIC NAME
Geographic name Europa.
Source of heading or term idszbz
942 ## - ADDED ENTRY ELEMENTS (KOHA)
Source of classification or shelving scheme Library of Congress Classification
Koha item type Books
Holdings
Home library Current library Date acquired Full call number Barcode
African Court on Human and Peoples' Rights Library African Court on Human and Peoples' Rights Library 20/09/2023 KJC3716 .B45 2010 10188193

African Court on Human and Peoples' Rights | For Inquiries Contact » +255 272 510 510